000 00285nam a2200121Ia 4500
005 20251222154313.0
008 251222s9999||||xx |||||||||||||| ||spa||
020 _a84-7615-960-9
082 _a580/L99
100 _a"Léttge, U.Kluge, M.Bauer, G."
245 0 _aBotúnica
942 _cLIB
999 _c33491
_d33491